| 000 | 00399nam a22001577a 4500 | ||
|---|---|---|---|
| 020 | _a9780071077811 | ||
| 082 | _a621.388 GUP | ||
| 100 | _aGupta, R.G. | ||
| 245 | _aTelevision engineering and video systems | ||
| 250 | _a2nd ed. | ||
| 260 |
_aNew Delhi, India _bMcGraw Hill _c2011 |
||
| 300 |
_axxvi, 581 p. _bill. ; |
||
| 500 | _aIncludes index. | ||
| 650 | _aTelevision engineering | ||
| 942 | _cBK | ||
| 999 |
_c12596 _d12596 |
||